Céhes bőripar Székelyudvarhelyen

Elmentve itt :
Bibliográfiai részletek
Szerző: VARGA Árpád
Adatforrás:Meister
Forrásdokumentuma:Erdélyi Múzeum. -
1-2 sz., 1994, 17-24 p.
Nyelv:magyar
Kulcsszavak:várostörténet
gazdaságtörténet
céhek
gazdasági intézmények
Gubernium
hagyományos mesterségek
Székelyudvarhely
LEADER 00539nab a2200193 i 4500
001 bibPRO00008168
008 060524s1994 xx hun
040 |a Sz1 
041 |a hun 
100 1 |a VARGA Árpád 
245 1 0 |a Céhes bőripar Székelyudvarhelyen  |c VARGA Árpád 
695 |a várostörténet 
695 |a gazdaságtörténet 
695 |a céhek 
695 |a gazdasági intézmények 
695 |a Gubernium 
695 |a hagyományos mesterségek 
695 |a Székelyudvarhely 
773 0 |t Erdélyi Múzeum. -  |g 1-2 sz., 1994, 17-24 p.